La gata cenicienta y otras fábulas de "lo cunto de li cunti" /
Guardado en:
| Autor Principal: | |
|---|---|
| Formato: | Libro |
| Publicado: |
Cesena :
Danilo Manera,
2001
|
| Series: | Un mar se sueños; 6
|
| Materias: | |
| Etiquetas: |
Agregar Etiqueta
Sin Etiquetas, Sea el primero en etiquetar este registro!
|
| LEADER | 00645nam a22002175a 4500 | ||
|---|---|---|---|
| 001 | CEM.cems012301 | ||
| 005 | 20060914074729.0 | ||
| 008 | 130507s2001##################000#0#####d | ||
| 003 | CEMS | ||
| 020 | |a 8888405046 | ||
| 082 | 0 | 4 | |a 853.5 |
| 100 | 1 | |a Basile, Giambattista | |
| 245 | 1 | 0 | |a La gata cenicienta y otras fábulas de "lo cunto de li cunti" / |c Giambattista Basile |
| 260 | |a Cesena : |b Danilo Manera, |c 2001 | ||
| 300 | |a 90 p. | ||
| 490 | 0 | |a Un mar se sueños; 6 | |
| 653 | |a Literatura | ||
| 653 | |a Literatura italiana | ||
| 653 | |a Fábulas | ||
| 653 | |a Fábulas italianas | ||
| 859 | |a CEMS |b BIB. CEMS - 11 de abril |h 853.5 |i B292 |p 22424.04 |t Ej.1 | ||
